[Event "CZE-ch12 fin corr"]
[Site "Czechia"]
[Date "2005.??.??"]
[Round "?"]
[White "Jarabinsky, Martin"]
[Black "Ksir, Bohumil"]
[Result "0-1"]
[WhiteElo "2116"]
[BlackElo "2151"]
[PlyCount "53"]
[EventDate "2005.??.??"]
[EventType "tourn (corr)"]
[EventRounds "14"]
[EventCountry "CZE"]
[SourceTitle "Corr 2006"]
[Source "ChessBase"]
[SourceDate "2006.04.01"]
[SourceVersion "3"]
[SourceVersionDate "2006.04.01"]
[SourceQuality "1"]

1. Nf3 d5 2. g3 Nf6 3. Bg2 g6 4. c4 Bg7 5. d4 dxc4 6. Qa4+ Nfd7 7. Qxc4 Nc6 8. 0-0 Nb6 9. Qc2 0-0 10. Rd1 Bg4 11. d5 Nxd5 12. Qb3 Be6 13. Qxb7 Ncb4 14. e4 Nc2 15. exd5 Nxa1 16. Nc3 Bf5 17. Bg5 Rb8 18. Qxa7 Rxb2 19. Qa3 Rc2 20. Nb5 c5 21. d6 Qd7 22. Bxe7 Qxb5 23. Bf1 Qb7 24. Bxf8 Rc3 25. Qa6 Qxa6 26. Bxa6 Kxf8 27. Nh4 0-1

[Event "CZE-ch12 fin corr"]
[Site "Czechia"]
[Date "2005.??.??"]
[Round "?"]
[White "Ksir, Bohumil"]
[Black "Jarabinsky, Martin"]
[Result "1-0"]
[WhiteElo "2151"]
[BlackElo "2116"]
[PlyCount "54"]
[EventDate "2005.??.??"]
[EventType "tourn (corr)"]
[EventRounds "14"]
[EventCountry "CZE"]
[SourceTitle "Corr 2006"]
[Source "ChessBase"]
[SourceDate "2006.04.01"]
[SourceVersion "3"]
[SourceVersionDate "2006.04.01"]
[SourceQuality "1"]

1. e4 e6 2. d4 c5 3. d5 exd5 4. exd5 d6 5. Nf3 Nf6 6. Nc3 Be7 7. Bb5+ Nbd7 8. a4 0-0 9. 0-0 a6 10. Be2 Re8 11. Re1 b6 12. Bd3 Nf8 13. Nd2 Bg4 14. f3 Bd7 15. a5 b5 16. Nce4 Qc7 17. Ng3 b4 18. Nde4 Ng6 19. Nf2 Qb7 20. Bc4 Ne5 21. b3 Rad8 22. Bb2 Bc8 23. Qd2 Nxc4 24. bxc4 Qd7 25. Re2 h6 26. Rae1 Nh7 27. Bxg7 Kxg7 1-0

[Event "CZE-ch12 fin corr"]
[Site "Czechia"]
[Date "2005.??.??"]
[Round "?"]
[White "Valenta, Josef"]
[Black "Ksir, Bohumil"]
[Result "0-1"]
[WhiteElo "2110"]
[BlackElo "2151"]
[PlyCount "112"]
[EventDate "2005.??.??"]
[EventType "tourn (corr)"]
[EventRounds "14"]
[EventCountry "CZE"]
[SourceTitle "Corr 2006"]
[Source "ChessBase"]
[SourceDate "2006.04.01"]
[SourceVersion "3"]
[SourceVersionDate "2006.04.01"]
[SourceQuality "1"]

1. e4 c5 2. Nf3 Nc6 3. d4 cxd4 4. Nxd4 Nf6 5. Nc3 e5 6. Ndb5 d6 7. Bg5 a6 8. Bxf6 gxf6 9. Na3 b5 10. Nd5 f5 11. Bd3 Be6 12. c3 Bg7 13. Qh5 0-0 14. exf5 Bxd5 15. f6 e4 16. fxg7 Re8 17. Be2 Re5 18. Qh3 Rg5 19. Nc2 Bc4 20. Qe3 d5 21. Qf4 Bxe2 22. Kxe2 Ne5 23. Nb4 Ng6 24. Qd2 a5 25. Nc2 Qf6 26. Kf1 Nf4 27. Ne3 Nd3 28. h4 Rxg7 29. Nxd5 Qe5 30. Ne3 Kh8 31. Rd1 Rag8 32. g4 Rd8 33. Qe2 Rgg8 34. Rd2 f6 35. g5 fxg5 36. Qg4 Rdf8 37. hxg5 Rxg5 38. Qh3 Qg7 39. Nd1 Rg8 40. Rxd3 exd3 41. Qxd3 Rf8 42. Ne3 b4 43. c4 Rg3 44. Qd2 Qe5 45. Qd3 Rg7 46. Qd2 Rgf7 47. Nd1 Rf4 48. Qc2 Re4 49. Ne3 Qg3 50. Rxh7+ Kg8 51. Rh1 Qxe3 52. Rg1+ Kh8 53. Rh1+ Kg7 54. Rg1+ Kh6 55. Rh1+ Kg5 56. Rg1+ Rg4 0-1

[Event "CZE-ch sf15 corr"]
[Site "Czechia"]
[Date "2004.02.15"]
[Round "?"]
[White "Ksir, Bohumil"]
[Black "Svajdler, Frantisek"]
[Result "1/2-1/2"]
[WhiteElo "2115"]
[BlackElo "2278"]
[PlyCount "41"]
[EventDate "2003.??.??"]
[EventType "tourn (corr)"]
[EventRounds "14"]
[EventCountry "CZE"]
[SourceTitle "Corr 2006"]
[Source "ChessBase"]
[SourceDate "2006.04.01"]
[SourceVersion "3"]
[SourceVersionDate "2006.04.01"]
[SourceQuality "1"]

1. e4 e5 2. Nf3 Nc6 3. Bb5 a6 4. Ba4 Nf6 5. 0-0 Be7 6. d4 exd4 7. Re1 b5 8. e5 Nxe5 9. Rxe5 d6 10. Re1 bxa4 11. Nxd4 Bd7 12. Qf3 0-0 13. Nc6 Bxc6 14. Qxc6 Re8 15. Nc3 Qd7 16. Qxa4 Qxa4 17. Nxa4 Nd7 18. Kf1 f5 19. b3 Kf7 20. Bb2 g5 21. Rad1 1/2-1/2

[Event "CZE-ch sf15 corr"]
[Site "Czechia"]
[Date "2004.01.24"]
[Round "?"]
[White "Ksir, Bohumil"]
[Black "Valenta, Josef"]
[Result "1/2-1/2"]
[WhiteElo "2115"]
[BlackElo "2168"]
[PlyCount "41"]
[EventDate "2003.??.??"]
[EventType "tourn (corr)"]
[EventRounds "14"]
[EventCountry "CZE"]
[SourceTitle "Corr 2006"]
[Source "ChessBase"]
[SourceDate "2006.04.01"]
[SourceVersion "3"]
[SourceVersionDate "2006.04.01"]
[SourceQuality "1"]

1. e4 c5 2. Nf3 Nc6 3. d4 cxd4 4. Nxd4 Nf6 5. Nc3 e5 6. Ndb5 d6 7. Bg5 a6 8. Na3 b5 9. Bxf6 gxf6 10. Nd5 f5 11. exf5 Bxf5 12. c3 Bg7 13. Nc2 0-0 14. Nce3 Be6 15. Bd3 f5 16. Bc2 f4 17. Qh5 Rf7 18. Bxh7+ Kf8 19. Bf5 Qe8 20. Bxe6 Qxe6 21. Qg4 1/2-1/2

[Event "CZE-ch sf12 corr"]
[Site "Czechia"]
[Date "2003.??.??"]
[Round "?"]
[White "Ksir, Bohumil"]
[Black "Koehler, Josef"]
[Result "1/2-1/2"]
[WhiteElo "2145"]
[BlackElo "2210"]
[PlyCount "48"]
[EventDate "2001.??.??"]
[EventType "tourn (corr)"]
[EventRounds "14"]
[EventCountry "CZE"]
[SourceTitle "Corr 2006"]
[Source "ChessBase"]
[SourceDate "2006.04.01"]
[SourceVersion "3"]
[SourceVersionDate "2006.04.01"]
[SourceQuality "1"]

1. e4 c5 2. Nf3 Nc6 3. d4 cxd4 4. Nxd4 Nf6 5. Nc3 d6 6. Bc4 e6 7. Be3 Be7 8. Bb3 0-0 9. 0-0 a6 10. f4 Nxd4 11. Bxd4 b5 12. e5 dxe5 13. fxe5 Nd7 14. Ne4 Bb7 15. Nd6 Bxd6 16. exd6 Qg5 17. Rf2 a5 18. c4 a4 19. Bc2 bxc4 20. Bxa4 Rfd8 21. Bc2 Ra6 22. Qe2 Rxd6 23. Qxc4 Qh4 24. Qc7 Rxd4 1/2-1/2

[Event "CZE-ch sf12 corr"]
[Site "Czechia"]
[Date "2003.??.??"]
[Round "?"]
[White "Ksir, Bohumil"]
[Black "Zatrapa, Petr"]
[Result "1/2-1/2"]
[WhiteElo "2145"]
[BlackElo "2280"]
[PlyCount "66"]
[EventDate "2001.??.??"]
[EventType "tourn (corr)"]
[EventRounds "14"]
[EventCountry "CZE"]
[SourceTitle "Corr 2006"]
[Source "ChessBase"]
[SourceDate "2006.04.01"]
[SourceVersion "3"]
[SourceVersionDate "2006.04.01"]
[SourceQuality "1"]

1. e4 e5 2. Nf3 Nc6 3. d4 exd4 4. c3 d5 5. exd5 Qxd5 6. cxd4 Bb4+ 7. Nc3 Bg4 8. Be2 Bxf3 9. Bxf3 Qc4 10. Bxc6+ bxc6 11. Qe2+ Qxe2+ 12. Kxe2 0-0-0 13. Be3 Ne7 14. Rac1 Rhe8 15. Rhd1 Nf5 16. Kf3 Rd6 17. g4 Nxe3 18. fxe3 Rh6 19. h4 Rf6+ 20. Ke2 Rf4 21. Kd3 Rxg4 22. Rg1 h5 23. Rxg4 hxg4 24. Rf1 Rf8 25. e4 g6 26. e5 Be7 27. Ne4 Kd7 28. Kc4 Ke6 29. Nc5+ Bxc5 30. Rf6+ Ke7 31. Kxc5 Rh8 32. Rxc6 Kd7 33. Rf6 Ke7 1/2-1/2

[Event "CZE-ch sf10 corr"]
[Site "Czechia"]
[Date "2002.??.??"]
[Round "?"]
[White "Ksir, Bohumil"]
[Black "Koci, Vladimir"]
[Result "0-1"]
[WhiteElo "2165"]
[BlackElo "2170"]
[PlyCount "32"]
[EventDate "2001.??.??"]
[EventType "tourn (corr)"]
[EventRounds "14"]
[EventCountry "CZE"]
[SourceTitle "Corr 2006"]
[Source "ChessBase"]
[SourceDate "2006.04.01"]
[SourceVersion "3"]
[SourceVersionDate "2006.04.01"]
[SourceQuality "1"]

1. e4 c5 2. Nf3 d6 3. d4 cxd4 4. Nxd4 Nf6 5. Nc3 g6 6. Nc6 Nxc6 7. Bd3 Bg7 8. 0-0 0-0 9. Nd5 Ne5 10. Re1 Nxd5 11. exd5 Nxd3 12. cxd3 b6 13. Qb3 Bb7 14. Bg5 Re8 15. Rad1 Qd7 16. Bf4 Qf5 0-1

[Event "CZE-ch sf10 corr"]
[Site "Czechia"]
[Date "2002.??.??"]
[Round "?"]
[White "Ksir, Bohumil"]
[Black "Milos, Vladislav"]
[Result "1/2-1/2"]
[WhiteElo "2165"]
[BlackElo "2180"]
[PlyCount "135"]
[EventDate "2001.??.??"]
[EventType "tourn (corr)"]
[EventRounds "14"]
[EventCountry "CZE"]
[SourceTitle "Corr 2006"]
[Source "ChessBase"]
[SourceDate "2006.04.01"]
[SourceVersion "3"]
[SourceVersionDate "2006.04.01"]
[SourceQuality "1"]

1. c4 e5 2. Nc3 d6 3. d4 exd4 4. Qxd4 Nc6 5. Qd2 Nf6 6. b3 a5 7. g3 Be7 8. Bg2 0-0 9. Bb2 Bf5 10. e4 Bg6 11. Nge2 a4 12. 0-0 Na5 13. Qc2 axb3 14. axb3 c6 15. Ra2 Qb6 16. Rfa1 Ra6 17. Nd4 d5 18. Na4 Qa7 19. Nf5 Bxf5 20. exf5 dxc4 21. bxc4 b6 22. c5 bxc5 23. Nc3 Qb6 24. Qe2 Ra7 25. Rxa5 Rxa5 26. Rxa5 Qxa5 27. Qxe7 Re8 28. Qd6 Qb4 29. Qd2 Nd5 30. f6 gxf6 31. Qc1 Rb8 32. Ba1 Nxc3 33. Bxc3 Qb1 34. Qxb1 Rxb1+ 35. Bf1 Kg7 36. Kg2 c4 37. Ba5 Ra1 38. Bb6 c3 39. Bd3 Ra2 40. Be3 c2 41. Kf3 c5 42. g4 c4 43. Bf5 Kh8 44. Be4 Kg8 45. h4 Kg7 46. Bf5 c3 47. h5 h6 48. Bd3 Rb2 49. Bf5 Ra2 50. Kg3 Rb2 51. f4 Kg8 52. Bd3 Ra2 53. Kf3 Rb2 54. Ke4 Rb4+ 55. Kd5 Kg7 56. Bxc2 Rb2 57. Bd3 Rg2 58. Kd4 Rxg4 59. Kxc3 Rg2 60. Bc2 Rh2 61. Bd1 f5 62. Bd2 Kf6 63. Kd3 Rh3+ 64. Kd4 Kg7 65. Bb4 f6 66. Be2 Kf7 67. Bc5 Kg7 68. Bd6 1/2-1/2

[Event "CZE-ch sf10 corr"]
[Site "Czechia"]
[Date "2002.??.??"]
[Round "?"]
[White "Ksir, Bohumil"]
[Black "Nigrin, Jiri"]
[Result "1-0"]
[WhiteElo "2165"]
[BlackElo "2125"]
[PlyCount "79"]
[EventDate "2001.??.??"]
[EventType "tourn (corr)"]
[EventRounds "14"]
[EventCountry "CZE"]
[SourceTitle "Corr 2006"]
[Source "ChessBase"]
[SourceDate "2006.04.01"]
[SourceVersion "3"]
[SourceVersionDate "2006.04.01"]
[SourceQuality "1"]

1. e4 c5 2. Nf3 Nc6 3. d4 cxd4 4. Nxd4 Nf6 5. Nc3 e5 6. Ndb5 d6 7. Bg5 a6 8. Bxf6 gxf6 9. Na3 f5 10. exf5 Bxf5 11. Nd5 b5 12. Bd3 Be6 13. Be4 Rc8 14. c3 Bg7 15. Qd3 Ne7 16. Nxe7 Kxe7 17. Rd1 Rc5 18. Nc2 Bxa2 19. Ne3 Be6 20. 0-0 h6 21. Bd5 Bf6 22. Nf5+ Bxf5 23. Qxf5 Rf8 24. Qh5 Bg5 25. h4 Bf6 26. Rd3 a5 27. b4 axb4 28. cxb4 Rc8 29. Rf3 Qd7 30. Qxh6 Bh8 31. Qg5+ f6 32. Qh6 Ke8 33. Rc1 Rxc1+ 34. Qxc1 Ke7 35. Rc3 Kd8 36. Ra3 Ke7 37. Qh6 f5 38. Qh7+ Kd8 39. Ra8+ Kc7 40. Ra7+ 1-0